Missing Word: A-Z Songs II Quiz Stats

 Plays Quiz Updated Aug 27, 2017

     
Support Sporcle.
Go Orange.
Score 0/26 Timer 03:00
2 Plays Today
Title Missing Word % Correct
________ Say NeverNever
95.1%
________ RhapsodyBohemian
93.5%
Larger Than ________Life
91.6%
Dancing ________Queen
89.7%
________ IdiotAmerican
89%
________ Really Got MeYou
85.1%
________ to HellHighway
84.6%
Rolling in the ________Deep
84.2%
(________ I Do) I Do it for YouEverything
83.4%
Smoke on the ________Water
82.1%
More Than a ________Feeling
76.5%
________ Ya Head UpKeep
74.3%
Down ________Under
71.2%
Title Missing Word % Correct
________ ManPiano
70.9%
Do You Believe in ________Magic
67.5%
________ a KissJust
66.2%
Mustang ________Sally
66.1%
________ McGrawTim
65.7%
________ My Head (Cable Car)Over
63.9%
________ ParadiseGangsta's
63.2%
Dani ________California
59.5%
________ StardustZiggy
55.5%
How You ________ MeRemind
48.5%
________ ChildVoodoo
32.9%
________ TouchInvisible
29%
________ and WineXanax
6.2%

Today's Daily Dose

From the Vault

Follow That Line: Bob's Burgers

by Puzzgal

After you play this, head to the kitchen and we'll play 'Follow That Burger'.
Remove Ads.
Support Sporcle.
Get the best of Sporcle when you Go Orange. This ad-free experience offers more features, more stats, and more fun while also helping to support Sporcle. Thank you for becoming a member.

Show Comments

Extras

Top Quizzes Today


Score Distribution

Your Account Isn't Verified!

In order to create a playlist on Sporcle, you need to verify the email address you used during registration. Go to your Sporcle Settings to finish the process.

Report this User

Report this user for behavior that violates our Community Guidelines.

Details: